| 000 | 00916nam a2200253 i 4500 | ||
|---|---|---|---|
| 001 | bg | ||
| 100 | 1 | _aPANASIEWICZ, Zbigniew | |
| 245 | 1 | 0 |
_aDługookresowe wzorce transformacji strukturalnej dla Polski : _bmiędzynarodowe studia porównawcze / _cZbigniew Panasiewicz, Danuta Strahl. |
| 260 |
_aWarszawa : _bIRiSS, _c1997. |
||
| 300 |
_a54 s. ; _c25 cm. |
||
| 490 | 1 |
_aRaporty / Instytut Rozwoju i Studiów Strategicznych, _x1230-2848 ; _v54 |
|
| 504 | _aBibliogr. s. 53. | ||
| 610 | 2 | 9 |
_aUnia Europejska _xgospodarka _yod 1945 r. |
| 650 | 9 |
_aStatystyka gospodarcza _xmetody |
|
| 651 | 9 |
_aPolska _xgospodarka _yod 1944 r. |
|
| 655 | _aDane statystyczne | ||
| 700 | 1 | _aSTRAHL, Danuta | |
| 830 | 0 |
_aRaporty (Instytut Rozwoju i Studiów Strategicznych) ; _v54 |
|
| 040 | _cBPK | ||
| 041 | 0 | _apl | |
| 080 | _a338.22(438:4-67)"1944/...":311.3(083.41) | ||
| 942 | _cKS | ||
| 008 | s pl f |000 0 pol | ||
| 999 |
_c32669 _d32669 |
||
| 856 |
_uhttp://koha.tu.koszalin.pl/cgi-bin/koha/opac-detail.pl?biblionumber=32669 _yKatalog online BPK |
||